LEADER 02170nam 2200637 a 450 001 9911004697703321 005 20250114144721.0 010 $a9786610903009 010 $a9780198529170 010 $a0198529171 010 $a9781613441138 010 $a1613441134 035 $a(CKB)1000000000366349 035 $a(SSID)ssj0000083728 035 $a(PQKBManifestationID)12016368 035 $a(PQKBTitleCode)TC0000083728 035 $a(PQKBWorkID)10163424 035 $a(PQKB)11281255 035 $a(StDuBDS)EDZ0000134694 035 $a(MiAaPQ)EBC4963170 035 $a(Au-PeEL)EBL4963170 035 $a(CaONFJC)MIL90300 035 $a(OCoLC)261565163 035 $a(EXLCZ)991000000000366349 100 $a20091221d2006 uy 0 101 0 $aeng 135 $aur||||||||||| 181 $ctxt$2rdacontent 182 $cc$2rdamedia 183 $acr$2rdacarrier 200 00$aOxford dictionary of biochemistry and molecular biology /$fedited by Richard Cammack ... [et al.] 205 $aSecond edition 210 $a[Oxford] $cOxford University Press$d2006 215 $a1 online resource 300 $a"Oxford Reference Online Premium." 300 $aTitle from home page (viewed on Dec. 21, 2009). 311 08$a9780191727641 311 08$a0191727644 311 08$a9780198529170 311 08$a0198529171 330 $aFundamental but up-to-date information is provided, arranged under 17,000 headwords. Descriptions of around 2000 enzymes and proteins are given, with details of laws, constants and formulae, in this handy reference volume. 517 3 $aDictionary of biochemistry and molecular biology 517 3 $aBiochemistry and molecular biology 606 $aBiochemistry$vDictionaries 606 $aMolecular biology$vDictionaries 608 $aSubject dictionaries.$2lcgft 615 0$aBiochemistry 615 0$aMolecular biology 676 $a572.03 701 $aCammack$b Richard$cPh. D.$01822283 801 0$bStDuBDS 801 1$bStDuBDS 906 $aBOOK 912 $a9911004697703321 996 $aOxford dictionary of biochemistry and molecular biology$94388402 997 $aUNINA